Online
Catalog
Normal view MARC view

Entry Nombre de reunión

Number of records used in: 1

001 - NÚMERO DE CONTROL

  • campo de control: 82125

003 - IDENTIFICADOR DEL NÚMERO DE CONTROL

  • campo de control: DO-SdBNP

005 - FECHA Y HORA DE LA ÚLTIMA TRANSACCIÓN

  • campo de control: 20220729123910.0

008 - DATOS DE LONGITUD FIJA

  • campo de control de longitud fija: 220729|| aca||aabn | a|a d

040 ## - FUENTE DE LA CATALOGACIÓN

  • Centro catalogador/agencia de origen: DO-SdBNP
  • Centro/agencia transcriptor: DO-SdBNP

111 ## - ENCABEZAMIENTO--NOMBRE DE CONGRESO/REUNIÓN

  • Nombre de congreso/reunión o jurisdicción como elemento de entrada: Cumbre empresarial
  • Sede del congreso/Lugar de la reunión: Santo Domingo, Rep. Dom.)
  • Fecha del congreso/reunión: Enero 2014 :
  • Número del congreso/reunión o número de parte o sección: (2.da

670 ## - FUENTE DE DATOS ENCONTRADOS

  • Cita de la fuente: Work cat.: (DO-SdBNP)52245: 82123, Hacia una reforma laboral que promueva el empleo formal /, Enero 2014.

Powered by Koha